| 000 | 01030aab a2200241 i 4500 | ||
|---|---|---|---|
| 001 | 768714001 | ||
| 003 | CO-MdFUSB | ||
| 005 | 20240703140533.0 | ||
| 008 | 240703t1992 sz ||||| |||| 00| 0 eng d | ||
| 040 |
_bspa _cCO-MdFUSB |
||
| 041 | _aeng | ||
| 100 | 1 |
_aGeorge, Sherron _eautor |
|
| 245 | 1 | 0 |
_aWhat does mission mean in view of contextualization? _c/ Sherron George |
| 520 | _aEn este artículo se hace una reflexión primero sobre el evangelio como liberación y varias implicaciones para la misión, considerando dos aspectos; liberación del imperialismo cultural y religioso y liberación de diversas expresiones culturales del evangelio. | ||
| 546 | _aTexto en inglés. | ||
| 650 | 0 |
_aMisiones _9154 |
|
| 650 | 7 |
_aTeología de la liberación _9449 |
|
| 650 | 0 |
_aEvangelización _9362 |
|
| 650 | 0 |
_aIglesia y problemas mundiales _9912 |
|
| 773 | 0 |
_tReformed World _049396 _959545 _gVolumen 42 (número 2, 1992) páginas: 40 - 49 _qpágina: 40 |
|
| 942 | _cANA | ||
| 945 | _aCatherine Arias Álvarez - Practicante SENA | ||
| 999 |
_c55333 _d55333 |
||